Countries (in order of size) - Statistics

General Stats
  • This quiz has been taken 92 times
  • The average score is 64 of 196
Answer Stats
Answer % Correct
Canada
100%
Russia
100%
China
98%
United States
95%
Australia
93%
Brazil
93%
India
93%
Argentina
88%
Kazakhstan
88%
Algeria
81%
Democratic republic of the Congo
79%
Mexico
76%
Saudi Arabia
74%
Indonesia
69%
Mongolia
67%
Iran
64%
Chad
62%
Libya
62%
Niger
62%
Sudan
62%
Peru
60%
Angola
57%
Ethiopia
57%
Mali
57%
Colombia
55%
Nigeria
55%
Pakistan
55%
Bolivia
52%
Egypt
52%
Mauritania
52%
South Africa
52%
Tanzania
52%
Ukraine
52%
Afghanistan
50%
Venezuela
50%
France
48%
Mozambique
48%
Spain
48%
Turkey
48%
Chile
45%
Germany
45%
Namibia
45%
Somalia
45%
Thailand
45%
Vatican City
45%
Zambia
45%
Botswana
43%
Central African Republic
43%
Kenya
43%
Madagascar
43%
Monaco
43%
Sweden
43%
Yemen
43%
Iraq
40%
Myanmar
40%
South Sudan
40%
Uzbekistan
40%
Finland
38%
Japan
38%
Nauru
38%
Papua New Guinea
38%
Paraguay
38%
Turkmenistan
38%
Cameroon
36%
Italy
36%
Morocco
36%
Norway
36%
San Marino
36%
Liechtenstein
33%
Philippines
33%
Poland
33%
Republic of the Congo
33%
Romania
33%
United Kingdom
33%
Zimbabwe
33%
Belarus
31%
Oman
31%
Saint Kitts And Nevis
31%
Tuvalu
31%
Vietnam
31%
Ecuador
29%
Greece
29%
Uganda
29%
Uruguay
29%
Andorra
26%
Burkina Faso
26%
Cambodia
26%
Guyana
26%
Ivory Coast
26%
Kyrgyzstan
26%
Laos
26%
Malaysia
26%
New Zealand
26%
Saint Vincent And The Grenadines
26%
Antigua And Barbuda
24%
Austria
24%
Barbados
24%
Bulgaria
24%
Cuba
24%
Gabon
24%
Ghana
24%
Grenada
24%
Guinea
24%
Malta
24%
North Korea
24%
Saint Lucia
24%
Senegal
24%
Suriname
24%
Syria
24%
Tajikistan
24%
Tunisia
24%
Bangladesh
21%
Fiji
21%
Malawi
21%
Maldives
21%
Nepal
21%
Nicaragua
21%
Palau
21%
Albania
19%
Bahamas
19%
Bahrain
19%
Bosnia and Herzegovina
19%
Czechia
19%
Dominican Republic
19%
Eritrea
19%
Haiti
19%
Honduras
19%
Hungary
19%
Iceland
19%
Israel
19%
Jamaica
19%
Kiribati
19%
Kosovo
19%
Latvia
19%
Luxembourg
19%
Marshall Islands
19%
Mauritius
19%
North Macedonia
19%
Portugal
19%
Qatar
19%
Serbia
19%
Singapore
19%
Switzerland
19%
Tonga
19%
Trinidad And Tobago
19%
Belgium
17%
Belize
17%
Benin
17%
Burundi
17%
Cape Verde
17%
Comoros
17%
Croatia
17%
Denmark
17%
Djibouti
17%
Dominica
17%
Estonia
17%
Guatemala
17%
Guinea Bissau
17%
Ireland
17%
Jordan
17%
Lithuania
17%
Micronesia
17%
Montenegro
17%
Netherlands
17%
Rwanda
17%
Sao Tome And Principe
17%
Seychelles
17%
Slovakia
17%
Slovenia
17%
Solomon Islands
17%
Sri Lanka
17%
Taiwan
17%
United Arab Emirates
17%
Azerbaijan
14%
Brunei
14%
Costa Rica
14%
East Timor
14%
El Salvador
14%
Gambia
14%
Kuwait
14%
Liberia
14%
Moldova
14%
Panama
14%
Samoa
14%
South Korea
14%
Swaziland
14%
Togo
14%
Vanuatu
14%
Armenia
12%
Bhutan
12%
Cyprus
12%
Equatorial Guinea
12%
Georgia
12%
Lebanon
12%
Lesotho
12%
Sierra Leone
10%
No matching quizzes found
Score Distribution
Percent of People with Each Score
Percentile by Number Answered
Your Score History
You have not taken this quiz